000 00311nam a22001337a 4500
008 180313b xxu||||| |||| 00| 0 eng d
020 _a2900130782976
041 _aeng
080 _a658
100 _a54
101 _aMAN
245 _aFOUNDATIONS OPERATIONS MANAGEMENT
_c658 RITZAM.L.P
942 _2udc
_cBK
999 _c44926
_d44926